<?xml version="1.0" encoding="UTF-8"?>
<collection xmlns="http://www.loc.gov/MARC21/slim">
 <record>
  <leader>00606pamaa2200181   4500</leader>
  <controlfield tag="001">0000018536</controlfield>
  <controlfield tag="005">20080305090000.0</controlfield>
  <datafield tag="020" ind1="0" ind2="0">
   <subfield code="a">0262521636 </subfield>
  </datafield>
  <datafield tag="082" ind1=" " ind2=" ">
   <subfield code="a">331.118 BAU</subfield>
  </datafield>
  <datafield tag="090" ind1="0" ind2="0">
   <subfield code="a">HC110.L3 </subfield>
   <subfield code="b">BAU 1989</subfield>
  </datafield>
  <datafield tag="100" ind1="1" ind2="0">
   <subfield code="a">Baumol </subfield>
  </datafield>
  <datafield tag="245" ind1="1" ind2="0">
   <subfield code="a">Productivity and American leadership : </subfield>
   <subfield code="b">the long view  </subfield>
   <subfield code="c">William J. Baumol, Sue Anne Batey Blackman, and Edward N. Wolff.</subfield>
  </datafield>
  <datafield tag="260" ind1="0" ind2="0">
   <subfield code="a">Cambridge, MA: </subfield>
   <subfield code="b">MIT Press, </subfield>
   <subfield code="c">c1989.</subfield>
  </datafield>
  <datafield tag="300" ind1=" " ind2=" ">
   <subfield code="a">x, 395p.: </subfield>
   <subfield code="b">ill.; </subfield>
   <subfield code="c">24cm.</subfield>
  </datafield>
  <datafield tag="504" ind1="0" ind2="0">
   <subfield code="a">Bibliography: p. [365]-380</subfield>
  </datafield>
  <datafield tag="650" ind1="0" ind2="0">
   <subfield code="a">Labor productivity -- </subfield>
   <subfield code="z">United States </subfield>
  </datafield>
  <datafield tag="700" ind1="1" ind2="1">
   <subfield code="a">BLACKMAN, </subfield>
   <subfield code="h">Sue Anne Batey </subfield>
  </datafield>
  <datafield tag="700" ind1="1" ind2="1">
   <subfield code="a">Wolff, </subfield>
   <subfield code="h">Edward N. </subfield>
  </datafield>
 </record>
</collection>
